عرض عادي
عرض مارك
- Geopolitical Studies
دخول Topical Term
001 - CONTROL NUMBER
- control field: 24246
003 - CONTROL NUMBER IDENTIFIER
- control field: AE-AdECS
005 - DATE AND TIME OF LATEST TRANSACTION
- control field: 20251215111018.0
008 - FIXED-LENGTH DATA ELEMENTS
- fixed length control field: 251215|| aca||aabn | a|a d
040 ## - CATALOGING SOURCE
- Original cataloging agency: AE-AdECS
- Transcribing agency: AE-AdECS
150 ## - HEADING--TOPICAL TERM
- Topical term or geographic name entry element: Geopolitical Studies
670 ## - SOURCE DATA FOUND
- Source citation: Work cat.: (AE-AdECS)293427: Polko, Paulina, author. 24245, Security and Political Discourse :
